Представление документа в формате MARC21

Поле Инд. ПП Название Значение
Тип записи a
Библиографический уровень m
001 _ Контрольный номер RU\infra-m\znanium\bibl\936132
005 _ Дата корректировки 20250915104143.5
008 Кодируемые данные 200428s2017 RU g rus u
020 a ISBN 978-5-394-02791-8
040 a Служба первич. каталог. Общество с ограниченной ответственностью «ЗНАНИУМ»
041 a Код языка текста rus
044 a Код страны публикации RU
080 a Индекс УДК 327.7
084 2 Источник индекса rubbk
a Индекс другой классификации/Индекс ББК 66.4
084 2 Источник индекса okso
a Индекс другой классификации/Индекс ББК 41.04.04
084 2 Источник индекса okso
a Индекс другой классификации/Индекс ББК 41.04.05
084 2 Источник индекса okso
a Индекс другой классификации/Индекс ББК 37.04.02
084 2 Источник индекса okso
a Индекс другой классификации/Индекс ББК 37.03.02
084 2 Источник индекса okso
a Индекс другой классификации/Индекс ББК 41.03.06
084 2 Источник индекса okso
a Индекс другой классификации/Индекс ББК 41.03.04
084 2 Источник индекса okso
a Индекс другой классификации/Индекс ББК 41.03.05
100 1_ a Автор Закаурцева Татьяна Алексеевна
q Полное имя Татьяна Алексеевна
245 a Заглавие Международные организации и урегулирование конфликтов
b Продолж. заглавия Учебное пособие
c Ответственность Дипломатическая академия Министерства иностранных дел Российской Федерации
250 a Основные сведения об издании 1
260 a Место издания Москва
b Издательство Издательско-торговая корпорация "Дашков и К"
c Дата издания 2017
300 a Объем 188 с.
520 a Аннотация В учебном пособии даны концептуальные подходы к определению, классификации и роли международных организаций и международных конфликтов. Рассмотрены основные параметры функционирования международных организаций в регионах мира и их роль в урегулировании конфликтов.
521 a Примеч. о целев. назн. ВО - Бакалавриат
650 a Основная рубрика Политика. Социология
x Основная подрубрика Международные организации
700 1_ a Другие авторы Каширина Татьяна Владиславовна
q Полное имя Татьяна Владиславовна
852 x Примечание, не предназначенное для пользователя znanium2022
856 4_ a Имя сервера/домена znanium.com
m Помощь ebs_support@infra-m.ru
n Местонахождение сервера НИЦ ИНФРА-М
u URL http://znanium.com/catalog/document?id=300617
z Примечание для пользователя Участвует в КО
856 41 a Имя сервера/домена znanium.com
d Путь /cover/0936
f Электронное имя 936132.jpg
q Тип электронного формата image/jpeg
u URL https://znanium.com/cover/0936/936132.jpg